[Event "Lucky op 2nd"]
[Site "Hamburg"]
[Date "1999.10.17"]
[Round "3"]
[White "Mallok, Roland"]
[Black "Baureis, Axel"]
[Result "1/2-1/2"]
[WhiteElo "1754"]
[BlackElo "1601"]
[PlyCount "131"]
[EventDate "1999.10.??"]
[EventType "swiss"]
[EventRounds "9"]
[EventCountry "GER"]
[SourceTitle "EXT 2001"]
[Source "ChessBase"]
[SourceDate "2000.11.22"]
[SourceVersion "1"]
[SourceVersionDate "2000.11.22"]
[SourceQuality "1"]

1. b3 e6 2. Bb2 d5 3. Nf3 Nd7 4. e3 c6 5. c4 Ngf6 6. a3 Bd6 7. d4 Qe7 8. Ne5 Ne4 9. Nd2 f5 10. Nxe4 fxe4 11. Qh5+ g6 12. Nxg6 Qf7 13. Nf4 Bxf4 14. Qxf7+ Kxf7 15. exf4 Rg8 16. g3 h5 17. Bg2 Nf8 18. 0-0 h4 19. Bc3 Ng6 20. Bd2 Bd7 21. f3 hxg3 22. hxg3 Ne7 23. fxe4 Rxg3 24. Rf3 Rag8 25. Rxg3 Rxg3 26. Kf2 Rxb3 27. c5 Ng6 28. Ra2 Nh4 29. Bh1 Rd3 30. Be3 Rd1 31. Bg2 Nxg2 32. Kxg2 dxe4 33. Rb2 Bc8 34. Ra2 Kf6 35. a4 Kf5 36. Kg3 Re1 37. Kf2 Rh1 38. Kg2 Rb1 39. a5 a6 40. Kf2 Bd7 41. Re2 Ra1 42. Rb2 Bc8 43. Bd2 Ra3 44. Ke2 e3 45. Bxe3 Rxa5 46. Kf3 Ra1 47. Rh2 a5 48. Rh8 Bd7 49. Rd8 a4 50. Rf8+ Kg6 51. Ke4 a3 52. Bd2 a2 53. Ra8 Kf6 54. Bc3 Rc1 55. Kd3 Rf1 56. d5+ Kf5 57. d6 Rxf4 58. Kc2 e5 59. Rxa2 e4 60. Ra7 e3 61. Rxb7 Ke6 62. Kd3 Rf5 63. Bd4 Rf7 64. Bxe3 Rh7 65. Rb2 Kd5 66. Rf2 1/2-1/2

[Event "Lucky op 2nd"]
[Site "Hamburg"]
[Date "1999.10.15"]
[Round "1"]
[White "Baureis, Axel"]
[Black "Iljins, Alexander"]
[Result "1-0"]
[WhiteElo "1601"]
[BlackElo "800"]
[PlyCount "65"]
[EventDate "1999.10.??"]
[EventType "swiss"]
[EventRounds "9"]
[EventCountry "GER"]
[SourceTitle "EXT 2001"]
[Source "ChessBase"]
[SourceDate "2000.11.22"]
[SourceVersion "1"]
[SourceVersionDate "2000.11.22"]
[SourceQuality "1"]

1. d4 d5 2. c4 e6 3. Nc3 Nf6 4. Bg5 Be7 5. Nf3 dxc4 6. e3 0-0 7. Bxc4 b6 8. 0-0 Bb7 9. Bd3 Nc6 10. a3 h6 11. Bh4 a6 12. Rc1 Qe8 13. Bb1 Rd8 14. Qd3 g6 15. Bg3 Rc8 16. Bf4 Kg7 17. h3 Na7 18. Ne5 Nb5 19. g4 Nxc3 20. Qxc3 Nd5 21. Qd3 Nxf4 22. exf4 f5 23. Qg3 g5 24. fxg5 f4 25. gxh6+ Kxh6 26. Qd3 Rh8 27. Ng6 Rg8 28. Nxe7 Qxe7 29. Rfe1 Rg7 30. Re5 Rg5 31. Rxg5 Kxg5 32. Qg6+ Kh4 33. Qh5# 1-0